000 00402nam a22001697a 4500
003 MPLRDC
005 20220104125132.0
008 210129b ||||| |||| 00| 0 eng d
082 _a857.9 QMH-23 v.3
100 _a秋梦痕著
245 _a四海龙女. 三
_c
260 _a
_b毅力出版社
_c
300 _b
490 _a秋梦痕小说专辑
650 _a
942 _cBK
_o857.9 QMH-23 v.3
999 _c24944
_d24934